| Tag |
First Indicator |
Second Indicator |
Subfields |
| LEADER |
00000cam a2200000 4500 |
| 001 |
in00000026485 |
| 005 |
20151007062535.0 |
| 008 |
751014s1950 nyua b 00000 eng |
| 010 |
|
|
|a 50007004
|
| 035 |
|
|
|a (OCoLC)01700947
|
| 035 |
|
|
|9 AAD5164AM
|
| 040 |
|
|
|a DLC
|c FQG
|d OCL
|d TXA
|d UtOrBLW
|
| 049 |
|
|
|a TXAM
|c 1 [179700]
|c 2 [373477]
|
| 050 |
0 |
0 |
|a TK7815
|b .W7
|
| 082 |
0 |
|
|a 621.38
|
| 092 |
|
|
|a 621.38
|b W952e
|
| 100 |
1 |
|
|a Wright, Ralph Ross.
|
| 245 |
1 |
0 |
|a Electronics ;
|b principles and applications.
|
| 264 |
|
1 |
|a New York :
|b Ronald Press Co.,
|c [1950]
|
| 300 |
|
|
|a ix, 387 pages :
|b illustrations ;
|c 24 cm.
|
| 336 |
|
|
|a text
|b txt
|2 rdacontent
|
| 337 |
|
|
|a unmediated
|b n
|2 rdamedia
|
| 338 |
|
|
|a volume
|b nc
|2 rdacarrier
|
| 490 |
1 |
|
|a Series in electrical engineering
|
| 500 |
|
|
|a Includes bibliographies.
|
| 650 |
|
0 |
|a Electronics.
|
| 830 |
|
0 |
|a Series in electrical engineering.
|
| 999 |
|
|
|a MARS
|
| 999 |
f |
f |
|s e090f535-1127-3b22-9cfa-0979b861e174
|i 6cdf04a9-7959-39bd-bc06-750dc4bd830b
|t 0
|
| 952 |
f |
f |
|p ric
|a Texas A&M University
|b Rellis Campus
|c Joint Library Facility
|s JLF
|d Remote Storage
|t 0
|e TK7815 .W7
|h Library of Congress classification
|i unmediated -- volume
|m A14801037269
|
| 998 |
f |
f |
|a TK7815 .W7
|t 0
|l Remote Storage
|